000 01944nam a2200433 a 4500
001 00378
003 DO-SdBNP
005 20180309105646.0
007 00378
008 091118s2012 dr 2012 000 0 spa d
020 _a9789945117264
020 _a9789945116427 - Guía
040 _aBPMSU
_bspa
_cBPMSU
092 _a372.83
_bR175s, 5to. 2012
100 1 _aRamos Santos, Henry
245 1 0 _aSociedad 5 :
_beducación básica /
_cHenry Ramos Santos, Francisca Alcántara, Ana Iris Almonte Ysiano ; dirección editorial Obdulia García de Escobar ; editora Margarita Castro Catrain, Fanny Capellán Almonte
260 _aSanto Domingo :
_bSantillana,
_c2012.
300 _a2 v. :
_bil., mapas., retrs. ;
_c28 cm.
490 1 _aInnova
500 _aLa biblioteca posee el libro y la guía
505 _tUnidad 1.
_tGeografía de América --
_tUnidad 2.
_tAsia y África --
_tUnidad 3.
_tEuropa y Oceanía --
_tUnidad 4.
_tCivilizaciones antiguas --
_tUnidad 5.
_tEl descubrimiento --
_tUnidad 6.
_tLa llegada de Colón --
_tUnidad 7.
_tColonización de América --
_tUnidad 8.
_tEconomía y esclavitud --
_tUnidad 9.
_tLas devastaciones --
_tUnidad 10.
_tLas dos colonias.
650 4 _aCIENCIAS SOCIALES
_xENSEÑANZA BÁSICA
650 4 _aCIENCIAS SOCIALES
_xEDUCACIÓN PRIMARIA
650 4 _aCIENCIAS SOCIALES
_xLIBROS DE TEXTOS
650 4 _aCIENCIAS SOCIALES
_xESTUDIOS DE TEXTOS
650 4 _aEDUCACIÓN PRIMARIA
_zREPÚBLICA DOMINICANA
700 1 2 _aAlcántara, Francisca
700 1 2 _aAlmonte Ysiano, Ana Iris
700 1 2 _aGarcía de Escobar, Obdulia,
_e ed.
700 1 2 _aCastro Catrain, Margarita
700 1 2 _aCapellán Almonte, Fanny
830 0 _aInnova
910 _aValidado. Control de calidad MFF
942 _2ddc
_cBK
945 _aRemanejado para BNPHU / 2018 BT
956 _aYLOCKWARD
_b10
_c20150617
_lBND01
_h1122
956 _aVMATEO
_b10
_c20150617
_lBMET02
_h00151
956 _aBTAVÁREZ
_b10
_c20160513
_l00378
999 _c10135
_d10135